[Event "Titled Tuesday intern op 28th Jan Early"]
[Site "Chess.com INT"]
[Date "2025.01.28"]
[Round "3"]
[White "Coe, William R"]
[Black "Danielian, Vardan"]
[Result "1/2-1/2"]
[WhiteElo "2078"]
[BlackElo "2230"]
[PlyCount "105"]
[EventDate "2025.01.28"]
[EventType "swiss (blitz)"]
[EventRounds "11"]
[EventCountry "USA"]
[SourceTitle "CB06_2025"]
[SourceDate "2025.02.05"]
[SourceVersion "1"]
[SourceVersionDate "2025.02.05"]
[SourceQuality "1"]

1. e4 c5 2. Nf3 d6 3. d4 cxd4 4. Nxd4 Nf6 5. Nc3 g6 6. f3 Bg7 7. Be3 0-0 8. Qd2 Nc6 9. 0-0-0 Nxd4 10. Bxd4 Be6 11. Kb1 Qc7 12. g4 Rfc8 13. h4 Qa5 14. a3 Rab8 15. h5 b5 16. hxg6 hxg6 17. Nd5 Qxd2 18. Nxf6+ Bxf6 19. Rxd2 Bxd4 20. Rxd4 a5 21. g5 Kg7 22. Rd2 b4 23. axb4 axb4 24. Rdh2 Rh8 25. Rxh8 Rxh8 26. Rxh8 Kxh8 27. Kc1 Kg7 28. Kd2 Kf8 29. Ke3 Ke8 30. Kd4 Kd7 31. Bc4 f6 32. gxf6 exf6 33. Bxe6+ Kxe6 34. Kc4 Ke5 35. Kxb4 Kf4 36. Kc4 Kxf3 37. b4 g5 38. b5 g4 39. b6 g3 40. b7 g2 41. b8Q g1Q 42. Qxd6 Kxe4 43. Qe6+ Kf3 44. Qxf6+ Ke2 45. Qd4 Qg8+ 46. Kc3 Qa8 47. Qd3+ Ke1 48. Qe3+ Kf1 49. Kd4 Qa7+ 50. Ke4 Qh7+ 51. Kd4 Qxc2 52. Qd3+ Qxd3+ 53. Kxd3 1/2-1/2

[Event "Titled Tuesday intern op 28th Jan Early"]
[Site "Chess.com INT"]
[Date "2025.01.28"]
[Round "2"]
[White "Danielian, Vardan"]
[Black "Shuvalova, Polina"]
[Result "0-1"]
[WhiteElo "2230"]
[BlackElo "2508"]
[PlyCount "98"]
[EventDate "2025.01.28"]
[EventType "swiss (blitz)"]
[EventRounds "11"]
[EventCountry "USA"]
[SourceTitle "CB06_2025"]
[SourceDate "2025.02.05"]
[SourceVersion "1"]
[SourceVersionDate "2025.02.05"]
[SourceQuality "1"]

1. d4 Nf6 2. c4 e6 3. Nf3 d5 4. cxd5 exd5 5. Nc3 c6 6. Bg5 Be7 7. e3 Bf5 8. Bd3 Bxd3 9. Bxf6 Bxf6 10. Qxd3 0-0 11. 0-0 Nd7 12. b4 a6 13. a4 Nb6 14. b5 cxb5 15. axb5 a5 16. Rfc1 Qd7 17. Ne5 Qd6 18. Qf5 Rfc8 19. g3 a4 20. Ne2 a3 21. Rxc8+ Rxc8 22. Nd3 g6 23. Qf4 Qxf4 24. gxf4 Be7 25. Nc5 Bxc5 26. dxc5 Nc4 27. c6 bxc6 28. bxc6 Rxc6 29. Nc3 Rc5 30. Nb1 Ra5 31. Ra2 Rb5 32. Nxa3 Ra5 33. Nxc4 Rxa2 34. Ne5 d4 35. exd4 Rd2 36. Nf3 Rd3 37. Kg2 Kg7 38. f5 gxf5 39. Kg3 Kf6 40. Kf4 Rd1 41. h4 h6 42. Ke3 Rh1 43. Kf4 Ke6 44. d5+ Kxd5 45. Kxf5 Rf1 46. Kg4 Rxf2 47. h5 Ke4 48. Nh4 Rf4+ 49. Kg3 Rxh4 0-1

[Event "Titled Tuesday intern op 21st Jan Late"]
[Site "Chess.com INT"]
[Date "2025.01.21"]
[Round "3"]
[White "Danielian, Vardan"]
[Black "Daggupati, Balaji"]
[Result "1-0"]
[WhiteElo "2230"]
[BlackElo "2460"]
[PlyCount "55"]
[EventDate "2025.01.21"]
[EventType "swiss (blitz)"]
[EventRounds "11"]
[EventCountry "USA"]
[SourceTitle "CB05_2025"]
[SourceDate "2025.01.29"]
[SourceVersion "1"]
[SourceVersionDate "2025.01.29"]
[SourceQuality "1"]

1. d4 d5 2. c4 dxc4 3. Nf3 Nf6 4. e3 e6 5. Bxc4 a6 6. 0-0 Be7 7. Nc3 b5 8. Bb3 Bb7 9. Qe2 0-0 10. Rd1 Nbd7 11. e4 b4 12. e5 bxc3 13. exf6 cxb2 14. fxe7 bxa1Q 15. exd8Q Rfxd8 16. Bb2 Bxf3 17. gxf3 Qxd1+ 18. Qxd1 c5 19. Qe2 cxd4 20. Bxd4 a5 21. f4 a4 22. Bc2 Rac8 23. Kg2 a3 24. Bb3 Kh8 25. f5 exf5 26. Bxf7 Rf8 27. Qe7 Rcd8 28. Be6 1-0

[Event "Titled Tuesday intern op 21st Jan Late"]
[Site "Chess.com INT"]
[Date "2025.01.21"]
[Round "1"]
[White "Danielian, Vardan"]
[Black "Do Carmo, Gabriel Carckeno"]
[Result "1/2-1/2"]
[WhiteElo "2230"]
[BlackElo "2008"]
[PlyCount "107"]
[EventDate "2025.01.21"]
[EventType "swiss (blitz)"]
[EventRounds "11"]
[EventCountry "USA"]
[SourceTitle "CB05_2025"]
[SourceDate "2025.01.29"]
[SourceVersion "1"]
[SourceVersionDate "2025.01.29"]
[SourceQuality "1"]

1. Nf3 Nf6 2. c4 e6 3. Nc3 d5 4. cxd5 exd5 5. d4 h6 6. Bf4 Bd6 7. Be5 Be6 8. e3 c6 9. Bd3 0-0 10. Qc2 Qc7 11. Bxf6 gxf6 12. g3 Nd7 13. Nh4 b5 14. 0-0 Bh3 15. Rfc1 Rac8 16. Bf5 Bxf5 17. Qxf5 Rfe8 18. Nxd5 Qd8 19. Qxd7 cxd5 20. Qxe8+ Qxe8 21. Nf5 Bf8 22. a3 Qe6 23. Nh4 a5 24. Ng2 Rc4 25. Nf4 Qc6 26. Nd3 Kg7 27. b3 Rc3 28. Nc5 Rxc1+ 29. Rxc1 Bxc5 30. Rxc5 Qb7 31. Kg2 f5 32. h3 Kf6 33. Kf3 b4 34. a4 Kg7 35. Rxa5 Qc6 36. Rc5 Qa6 37. Rb5 Qc6 38. Rxb4 Qc3 39. Rb5 Qc2 40. Kg2 Qe4+ 41. Kg1 Qb1+ 42. Kg2 Qd3 43. h4 Qe4+ 44. Kg1 Qb1+ 45. Kg2 Qe4+ 46. Kg1 h5 47. Rb6 Qb1+ 48. Kg2 Qe4+ 49. Kg1 f6 50. a5 Qb1+ 51. Kg2 Qe4+ 52. Kg1 Qb1+ 53. Kg2 Qe4+ 54. Kg1 1/2-1/2

[Event "Titled Tuesday intern op 21st Jan Late"]
[Site "Chess.com INT"]
[Date "2025.01.21"]
[Round "9"]
[White "Danielian, Vardan"]
[Black "Sieciechowicz, Marcin"]
[Result "1/2-1/2"]
[WhiteElo "2230"]
[BlackElo "2401"]
[PlyCount "122"]
[EventDate "2025.01.21"]
[EventType "swiss (blitz)"]
[EventRounds "11"]
[EventCountry "USA"]
[SourceTitle "CB05_2025"]
[SourceDate "2025.01.29"]
[SourceVersion "1"]
[SourceVersionDate "2025.01.29"]
[SourceQuality "1"]

1. d4 d5 2. c4 c6 3. Nf3 Nf6 4. Nc3 e6 5. cxd5 exd5 6. Bg5 Be7 7. e3 h6 8. Bh4 0-0 9. Bd3 Re8 10. Qc2 Ne4 11. Bg3 Nxg3 12. hxg3 Nd7 13. g4 Nf8 14. Bf5 Bxf5 15. gxf5 Rc8 16. 0-0-0 b5 17. Kb1 b4 18. Na4 Nd7 19. Rc1 Qa5 20. Ne5 Nxe5 21. dxe5 c5 22. f6 Bf8 23. fxg7 Bxg7 24. Nxc5 Rxe5 25. Rhf1 Re7 26. Rfd1 Rec7 27. Rxd5 Bf8 28. Qe4 Rxc5 29. Qg4+ Bg7 30. Qxc8+ Rxc8 31. Rxa5 Rd8 32. Rac5 Kh7 33. Rc8 Rd2 34. R8c2 Rd3 35. a3 bxa3 36. bxa3 Rxa3 37. Rc7 Rb3+ 38. Kc2 Rb2+ 39. Kd3 Rxf2 40. Rxa7 Kg6 41. Rcc7 h5 42. g3 Rf3 43. Ke4 Rf1 44. Rc6+ Kg5 45. Rcc7 Kg6 46. Rc6+ Kg5 47. Ra5+ f5+ 48. Kd5 Rf3 49. Rc7 Bf6 50. Ke6 Rxe3+ 51. Kf7 Rxg3 52. Ra6 Be5 53. Rg6+ Kh4 54. Rc4+ Kh3 55. Rxg3+ Bxg3 56. Kg6 f4 57. Kxh5 f3 58. Rc3 f2 59. Rf3 Kg2 60. Kg4 f1Q 61. Rxf1 Kxf1 1/2-1/2

[Event "Titled Tuesday intern op 21st Jan Late"]
[Site "Chess.com INT"]
[Date "2025.01.21"]
[Round "7"]
[White "Ilinca Ilinca, Felix Antonio"]
[Black "Danielian, Vardan"]
[Result "1-0"]
[WhiteElo "2440"]
[BlackElo "2230"]
[PlyCount "99"]
[EventDate "2025.01.21"]
[EventType "swiss (blitz)"]
[EventRounds "11"]
[EventCountry "USA"]
[SourceTitle "CB05_2025"]
[SourceDate "2025.01.29"]
[SourceVersion "1"]
[SourceVersionDate "2025.01.29"]
[SourceQuality "1"]

1. d4 Nf6 2. Nc3 g6 3. Bf4 Bg7 4. e3 d6 5. Nf3 0-0 6. h3 b6 7. a4 c5 8. Be2 Ba6 9. Nb5 Bb7 10. 0-0 a6 11. Nc3 Ne4 12. Nxe4 Bxe4 13. c3 Nd7 14. Qb3 Qc7 15. Rfd1 Qb7 16. d5 Nf6 17. c4 Bxf3 18. Bxf3 a5 19. Qc2 Nd7 20. Re1 Ne5 21. Be2 f5 22. Rad1 Rf7 23. b3 Raf8 24. Bh2 Nd7 25. Rf1 Nf6 26. Bf3 Nd7 27. Be2 Nf6 28. Bd3 Qd7 29. Rfe1 Nh5 30. Be2 Nf6 31. Bf3 Qe8 32. Bg3 Nd7 33. Be2 Be5 34. f4 Bg7 35. Bf3 Nf6 36. Bf2 Qd7 37. g3 Kh8 38. Kg2 e6 39. dxe6 Qxe6 40. e4 fxe4 41. Bxe4 Nxe4 42. Qxe4 Qd7 43. Qd5 Rf5 44. Qxd6 Qb7+ 45. Kg1 g5 46. Re7 Qf3 47. Rd3 Qh5 48. g4 Qh6 49. Qxh6 Bxh6 50. gxf5 1-0

[Event "Titled Tuesday intern op 14th Jan Early"]
[Site "Chess.com INT"]
[Date "2025.01.14"]
[Round "1"]
[White "Danielian, Vardan"]
[Black "Dreelinck, Jacob"]
[Result "0-1"]
[WhiteElo "2230"]
[BlackElo "2233"]
[PlyCount "122"]
[EventDate "2025.01.14"]
[EventType "swiss (blitz)"]
[EventRounds "11"]
[EventCountry "USA"]
[SourceTitle "CB04_2025"]
[SourceDate "2025.01.22"]
[SourceVersion "1"]
[SourceVersionDate "2025.01.22"]
[SourceQuality "1"]

1. Nf3 e6 2. d4 Nf6 3. c4 a6 4. Nc3 b5 5. cxb5 axb5 6. Nxb5 Bb7 7. e3 g5 8. Nc3 g4 9. Nd2 c5 10. h3 g3 11. fxg3 Qc7 12. Qe2 cxd4 13. exd4 Nc6 14. Nf3 Nh5 15. Ne5 Nxg3 16. Qf2 Nxe5 17. Qxg3 Nf3+ 18. Kf2 Qxg3+ 19. Kxg3 Bd6+ 20. Kf2 Nxd4 21. Bd3 Rg8 22. g4 h5 23. Be3 Nc6 24. Rhg1 Ne5 25. Be2 hxg4 26. hxg4 Ke7 27. Rad1 Rg7 28. Rxd6 Kxd6 29. Bf4 f6 30. g5 Rf8 31. Rd1+ Ke7 32. Bxe5 fxe5+ 33. Ke3 Rxg5 34. Kd2 Rg3 35. Re1 Bd5 36. a4 Rg2 37. Nb5 Ra8 38. Nc3 Bc4 39. Kd1 Bxe2+ 40. Nxe2 Rxa4 41. Kd2 Re4 42. Kd3 Rgxe2 43. Rxe2 Rxe2 44. Kxe2 d5 45. Kd3 Kd6 46. Kc3 Kc6 47. Kb4 Kb6 48. Kc3 e4 49. Kd4 Kb5 50. b3 Kb4 51. Ke3 Kxb3 52. Kd4 e5+ 53. Kxd5 e3 54. Ke4 e2 55. Kxe5 e1Q+ 56. Kd6 Qc3 57. Kd7 Kc4 58. Kd8 Qg7 59. Kc8 Kc5 60. Kb8 Kc6 61. Ka8 Qb7# 0-1

[Event "Titled Tuesday intern op 26th Nov Late"]
[Site "Chess.com INT"]
[Date "2024.11.26"]
[Round "6"]
[White "Danielian, Vardan"]
[Black "Kuru, Atilla"]
[Result "0-1"]
[WhiteElo "2230"]
[BlackElo "2371"]
[PlyCount "42"]
[EventDate "2024.11.26"]
[EventType "swiss (blitz)"]
[EventRounds "11"]
[EventCountry "USA"]
[SourceTitle "CB49_2024"]
[SourceDate "2024.12.04"]
[SourceVersion "1"]
[SourceVersionDate "2024.12.04"]
[SourceQuality "1"]

1. Nf3 Nf6 2. d4 e6 3. c4 d5 4. Nc3 c6 5. cxd5 exd5 6. Bg5 Be7 7. e3 Nbd7 8. Bd3 Ne4 9. Bf4 g5 10. Be5 f6 11. Bg3 f5 12. Qc2 0-0 13. Ne5 f4 14. Nxe4 dxe4 15. Bxe4 Nxe5 16. dxe5 Qa5+ 17. Ke2 Rf7 18. Bxh7+ Rxh7 19. Qg6+ Rg7 20. Qe8+ Bf8 21. exf4 Bg4+ 0-1

[Event "Titled Tuesday intern op 06th Aug Late"]
[Site "Chess.com INT"]
[Date "2024.08.06"]
[Round "4"]
[White "Soriano Quispe, Ivan Excender"]
[Black "Danielian, Vardan"]
[Result "1-0"]
[WhiteElo "2309"]
[BlackElo "2230"]
[PlyCount "59"]
[EventDate "2024.08.06"]
[EventType "swiss (blitz)"]
[EventRounds "11"]
[EventCountry "USA"]
[SourceTitle "EXT 2025"]
[Source "ChessBase"]
[SourceDate "2024.10.14"]
[SourceVersion "1"]
[SourceVersionDate "2024.10.14"]
[SourceQuality "1"]

1. e4 c5 2. Nf3 d6 3. d4 cxd4 4. Nxd4 Nf6 5. Nc3 g6 6. f4 Nc6 7. Nxc6 bxc6 8. e5 Nd7 9. Qf3 dxe5 10. Qxc6 Rb8 11. fxe5 Bb7 12. Qa4 Bg7 13. e6 fxe6 14. Bf4 e5 15. Bg5 0-0 16. 0-0-0 Qb6 17. Qxd7 Bc8 18. Qd5+ Be6 19. Qb5 Qc7 20. Qa4 Rxb2 21. Kxb2 e4 22. Bd2 Rb8+ 23. Bb5 a6 24. Qxe4 Rxb5+ 25. Kc1 Re5 26. Qa8+ Bc8 27. Bf4 Qxc3 28. Bxe5 Bh6+ 29. Kb1 Qb4+ 30. Ka1 1-0

[Event "Titled Tuesday intern op 23rd Jul Early"]
[Site "Chess.com INT"]
[Date "2024.07.23"]
[Round "4"]
[White "Danielian, Vardan"]
[Black "Plyasunov, Daniil"]
[Result "1/2-1/2"]
[WhiteElo "2230"]
[BlackElo "2289"]
[PlyCount "134"]
[EventDate "2024.07.23"]
[EventType "swiss (blitz)"]
[EventRounds "11"]
[EventCountry "USA"]
[SourceTitle "EXT 2025"]
[Source "ChessBase"]
[SourceDate "2024.10.14"]
[SourceVersion "1"]
[SourceVersionDate "2024.10.14"]
[SourceQuality "1"]

1. d4 Nf6 2. Nf3 e6 3. c4 b6 4. e3 Bb7 5. Bd3 d5 6. b3 Nbd7 7. 0-0 Bd6 8. Bb2 0-0 9. Nc3 a6 10. Rc1 dxc4 11. bxc4 c5 12. Qe2 Rc8 13. Rfd1 Qe7 14. d5 exd5 15. Nxd5 Bxd5 16. cxd5 b5 17. e4 Rfe8 18. a4 c4 19. Bb1 Nxe4 20. axb5 axb5 21. Nd4 Nef6 22. Qxe7 Bxe7 23. Nxb5 Rb8 24. Bxf6 Nxf6 25. Na7 Rbd8 26. Rxc4 Rxd5 27. Rxd5 Nxd5 28. Nc6 Bf6 29. Re4 Rc8 30. g3 g6 31. Rc4 Kg7 32. Be4 Nc3 33. Bf3 Nb5 34. Kg2 Nd6 35. Rc2 Nf5 36. Nb4 Rb8 37. Nd5 Bd4 38. h4 h5 39. Nf4 Nh6 40. Bd5 Rd8 41. Rc7 Be5 42. Ne6+ Kf6 43. Nxd8 Bxc7 44. Nc6 Bb6 45. Bb3 Ng4 46. f3 Ne3+ 47. Kh3 Bc7 48. g4 Nf1 49. gxh5 gxh5 50. Nb4 Nd2 51. Nd5+ Ke5 52. Nxc7 Nxb3 53. Ne8 Nd4 54. Ng7 Kf4 55. Nxh5+ Kxf3 56. Nf6 Kf4 57. Nd7 Ne6 58. Nf6 Ng7 59. Nh7 Nh5 60. Ng5 f5 61. Nf7 Kf3 62. Ne5+ Ke4 63. Ng6 Ke3 64. Kg2 f4 65. Nxf4 Kxf4 66. Kf1 Kg4 67. Ke1 Kxh4 1/2-1/2

[Event "Titled Tuesday intern op 23rd Jul Early"]
[Site "Chess.com INT"]
[Date "2024.07.23"]
[Round "3"]
[White "Lorenzo de la Riva, Lazaro"]
[Black "Danielian, Vardan"]
[Result "0-1"]
[WhiteElo "2419"]
[BlackElo "2230"]
[PlyCount "112"]
[EventDate "2024.07.23"]
[EventType "swiss (blitz)"]
[EventRounds "11"]
[EventCountry "USA"]
[SourceTitle "EXT 2025"]
[Source "ChessBase"]
[SourceDate "2024.10.14"]
[SourceVersion "1"]
[SourceVersionDate "2024.10.14"]
[SourceQuality "1"]

1. Nf3 Nf6 2. d3 g6 3. e4 Bg7 4. g3 d6 5. Bg2 c5 6. 0-0 0-0 7. c4 Nc6 8. Nc3 a6 9. Rb1 Rb8 10. a4 Ne8 11. h3 Nc7 12. Be3 Ne6 13. Qd2 Ned4 14. Ne1 b5 15. axb5 axb5 16. Bh6 b4 17. Nd1 e6 18. Bxg7 Kxg7 19. f4 Bd7 20. Ne3 f5 21. exf5 gxf5 22. Kh2 Qf6 23. N1c2 Nb3 24. Qf2 Rg8 25. g4 fxg4 26. hxg4 Kh8 27. g5 Qg6 28. Be4 Qh5+ 29. Kg2 Rg7 30. Rh1 Qf7 31. Rh6 Rf8 32. Rbh1 Rxg5+ 33. Kf1 Rg7 34. Rxh7+ Rxh7 35. Rxh7+ Qxh7 36. Bxh7 Kxh7 37. Qh4+ Kg7 38. Ke2 Rf6 39. Ng4 Nbd4+ 40. Nxd4 Nxd4+ 41. Kd1 Rg6 42. Qe7+ Kg8 43. Nf6+ Rxf6 44. Qxf6 Bc6 45. Qd8+ Kf7 46. Qxd6 Bf3+ 47. Ke1 Nb3 48. Kf2 Bd1 49. Qe5 Bg4 50. Kg3 Bf5 51. Qc7+ Kg6 52. Qd6 Nd4 53. Qxc5 Ne2+ 54. Kf3 Nc1 55. d4 Nd3 56. Qd6 Ne1+ 0-1

[Event "Titled Tuesday intern op 25th Jun Late"]
[Site "Chess.com INT"]
[Date "2024.06.25"]
[Round "5"]
[White "Aswath, S."]
[Black "Danielian, Vardan"]
[Result "1-0"]
[WhiteElo "2352"]
[BlackElo "2230"]
[PlyCount "65"]
[EventDate "2024.06.25"]
[EventType "swiss (blitz)"]
[EventRounds "11"]
[EventCountry "USA"]
[SourceTitle "EXT 2025"]
[Source "ChessBase"]
[SourceDate "2024.10.14"]
[SourceVersion "1"]
[SourceVersionDate "2024.10.14"]
[SourceQuality "1"]

1. Nf3 Nf6 2. c4 g6 3. Nc3 Bg7 4. g3 0-0 5. Bg2 d6 6. 0-0 e5 7. d4 Nbd7 8. e4 c6 9. h3 exd4 10. Nxd4 a5 11. Re1 Re8 12. Bf4 Ne5 13. b3 Qb6 14. Be3 Qc7 15. Rc1 h5 16. f4 Ned7 17. Bf2 Nc5 18. a3 Be6 19. b4 axb4 20. axb4 Bxc4 21. bxc5 dxc5 22. Nf3 Nd7 23. e5 Ra3 24. Ne4 Bd5 25. Nfg5 Nxe5 26. fxe5 Rxe5 27. Bxc5 Ra2 28. Rc2 Bb3 29. Rxa2 Bxd1 30. Ra8+ Bf8 31. Bxf8 Ra5 32. Nf6+ Kh8 33. Rae8 1-0

[Event "Titled Tuesday intern op 25th Jun Late"]
[Site "Chess.com INT"]
[Date "2024.06.25"]
[Round "9"]
[White "Gustafsson, Jan"]
[Black "Danielian, Vardan"]
[Result "1-0"]
[WhiteElo "2604"]
[BlackElo "2230"]
[PlyCount "89"]
[EventDate "2024.06.25"]
[EventType "swiss (blitz)"]
[EventRounds "11"]
[EventCountry "USA"]
[SourceTitle "EXT 2025"]
[Source "ChessBase"]
[SourceDate "2024.10.14"]
[SourceVersion "1"]
[SourceVersionDate "2024.10.14"]
[SourceQuality "1"]

1. d4 Nf6 2. c4 g6 3. Nc3 Bg7 4. e4 0-0 5. Nf3 d6 6. Be2 c5 7. 0-0 Bg4 8. dxc5 dxc5 9. Be3 Nfd7 10. Qd2 Nc6 11. Rfd1 Bxf3 12. Bxf3 Nd4 13. Ne2 Nxf3+ 14. gxf3 Ne5 15. Qxd8 Rfxd8 16. Bxc5 Nxc4 17. Bxe7 Re8 18. Rd7 Ne5 19. Rxb7 Nxf3+ 20. Kg2 Nd2 21. f3 Nc4 22. Rc1 Nxb2 23. Rcc7 Nd3 24. Rxa7 Rxa7 25. Rxa7 f5 26. exf5 Bf8 27. f6 Bxe7 28. fxe7 Kf7 29. a4 Rxe7 30. Rxe7+ Kxe7 31. a5 Kd6 32. Kg3 Kc6 33. Nd4+ Kb7 34. Ne6 Ka6 35. Nf8 Kxa5 36. Nxh7 Kb6 37. Nf8 Kc6 38. Nxg6 Kd6 39. Kg4 Nc5 40. h4 Ke6 41. Kg5 Kf7 42. Kf5 Nd3 43. f4 Kg7 44. Kg5 Nf2 45. h5 1-0

[Event "Titled Tuesday intern op 25th Jun Late"]
[Site "Chess.com INT"]
[Date "2024.06.25"]
[Round "6"]
[White "Korchynskyi, Mykola"]
[Black "Danielian, Vardan"]
[Result "0-1"]
[WhiteElo "2321"]
[BlackElo "2230"]
[PlyCount "70"]
[EventDate "2024.06.25"]
[EventType "swiss (blitz)"]
[EventRounds "11"]
[EventCountry "USA"]
[SourceTitle "EXT 2025"]
[Source "ChessBase"]
[SourceDate "2024.10.14"]
[SourceVersion "1"]
[SourceVersionDate "2024.10.14"]
[SourceQuality "1"]

1. d4 Nf6 2. c4 g6 3. Nc3 Bg7 4. e4 0-0 5. Be2 d6 6. Be3 c5 7. d5 b5 8. cxb5 a6 9. a4 Qa5 10. f3 axb5 11. Bxb5 Ba6 12. Kf2 Bxb5 13. Nxb5 Na6 14. Ne2 Nc7 15. Nec3 Rfb8 16. Nxc7 Rxb2+ 17. Ne2 Qxc7 18. Qc1 Rab8 19. a5 Qa7 20. Re1 Nd7 21. Qd1 Ne5 22. Kf1 Qa6 23. Kg1 Nd3 24. Rf1 Nb4 25. Ng3 Nc2 26. Bf2 Nxa1 27. Qxa1 Rxf2 28. Qxg7+ Kxg7 29. Rxf2 Qxa5 30. Rf1 Rb2 31. Rf2 Qa1+ 32. Rf1 Rb1 33. Rxb1 Qxb1+ 34. Kf2 c4 35. Ne2 Qd3 0-1

[Event "Titled Tuesday intern op 28th May Early"]
[Site "Chess.com INT"]
[Date "2024.05.28"]
[Round "2"]
[White "Bruned, Boris"]
[Black "Danielian, Vardan"]
[Result "1-0"]
[WhiteElo "2133"]
[BlackElo "2230"]
[PlyCount "57"]
[EventDate "2024.05.28"]
[EventType "swiss (blitz)"]
[EventRounds "11"]
[EventCountry "USA"]
[SourceTitle "EXT 2025"]
[Source "ChessBase"]
[SourceDate "2024.10.14"]
[SourceVersion "1"]
[SourceVersionDate "2024.10.14"]
[SourceQuality "1"]

1. b3 Nf6 2. Bb2 g6 3. Bxf6 exf6 4. c4 d5 5. cxd5 Qxd5 6. Nc3 Qd6 7. a3 Bg7 8. g3 f5 9. Bg2 0-0 10. e3 c5 11. Nge2 Nc6 12. 0-0 a6 13. Rc1 Be6 14. Na4 c4 15. Nb6 cxb3 16. Nxa8 b2 17. Rb1 Rxa8 18. d4 Qxa3 19. Qd2 Rc8 20. Qxb2 Qxb2 21. Rxb2 b5 22. Rc2 Bc4 23. Re1 Nb4 24. Rc3 Re8 25. Nf4 Bxd4 26. Rxc4 bxc4 27. Rc1 Rxe3 28. Rxc4 Re1+ 29. Bf1 1-0

[Event "Titled Tuesday intern op 28th May Late"]
[Site "Chess.com INT"]
[Date "2024.05.28"]
[Round "6"]
[White "Danielian, Vardan"]
[Black "Karamsetty, Jeevan"]
[Result "1/2-1/2"]
[WhiteElo "2230"]
[BlackElo "2244"]
[PlyCount "192"]
[EventDate "2024.05.28"]
[EventType "swiss (blitz)"]
[EventRounds "11"]
[EventCountry "USA"]
[SourceTitle "EXT 2025"]
[Source "ChessBase"]
[SourceDate "2024.10.14"]
[SourceVersion "1"]
[SourceVersionDate "2024.10.14"]
[SourceQuality "1"]

1. Nf3 g6 2. d4 Bg7 3. c4 d6 4. g3 Nf6 5. Bg2 0-0 6. 0-0 c6 7. Nc3 Bf5 8. Be3 Ne4 9. Nxe4 Bxe4 10. Qd2 d5 11. b3 Nd7 12. Rfd1 e5 13. dxe5 Bxf3 14. exf3 Nxe5 15. cxd5 cxd5 16. f4 Nc6 17. Rac1 d4 18. Bxc6 dxe3 19. Qxe3 Qa5 20. Bxb7 Rab8 21. Bd5 Qxa2 22. Bc4 Qa3 23. Rd7 a5 24. Rcd1 a4 25. bxa4 Qxa4 26. Qe4 Kh8 27. Qd5 Rbe8 28. Kg2 Qc2 29. Rxf7 Rxf7 30. Qxf7 Rf8 31. Qd5 g5 32. Bd3 Qxd1 33. Qe4 Qh5 34. fxg5 Re8 35. Qf5 Rf8 36. Qe4 Rd8 37. h4 Re8 38. Qf5 Rf8 39. Qe4 Re8 40. Qc6 Qf7 41. g6 Qe6 42. Qxe6 Rxe6 43. gxh7 Bd4 44. f4 Re3 45. Bf5 Kg7 46. g4 Ra3 47. g5 Be3 48. Kf3 Bc5+ 49. Kg4 Bf2 50. h5 Rg3+ 51. Kh4 Rf3+ 52. Kg4 Rg3+ 53. Kh4 Rg1+ 54. Kh3 Be3 55. h6+ Kh8 56. g6 Bd4 57. g7+ Bxg7 58. hxg7+ Kxg7 59. Be4 Re1 60. h8Q+ Kxh8 61. Bf5 Kg7 62. Kg4 Kf6 63. Bd3 Re3 64. Bf1 Re7 65. Bh3 Rg7+ 66. Kf3 Rh7 67. Bg4 Ra7 68. Kg3 Ra3+ 69. Kh4 Ra4 70. Kg3 Ra1 71. Bf3 Rg1+ 72. Kf2 Rc1 73. Be4 Rc3 74. Kg2 Ra3 75. Kf2 Ra4 76. Kf3 Ra3+ 77. Kf2 Ra7 78. Kf3 Re7 79. Bd3 Rd7 80. Be4 Rc7 81. Kf2 Rc3 82. Kg2 Ke6 83. Kf2 Kd6 84. Bf3 Kc5 85. Kg3 Kd4 86. Kg4 Ke3 87. f5 Rc4+ 88. Kg5 Kxf3 89. f6 Ke4 90. f7 Rc8 91. Kf6 Kd5 92. Ke7 Rc7+ 93. Kf6 Rc8 94. Ke7 Rc7+ 95. Kf6 Rc6+ 96. Ke7 Rc7+ 1/2-1/2

[Event "Titled Tuesday intern op 28th May Early"]
[Site "Chess.com INT"]
[Date "2024.05.28"]
[Round "1"]
[White "Danielian, Vardan"]
[Black "Yilmaz, Mustafa"]
[Result "0-1"]
[WhiteElo "2230"]
[BlackElo "2641"]
[PlyCount "136"]
[EventDate "2024.05.28"]
[EventType "swiss (blitz)"]
[EventRounds "11"]
[EventCountry "USA"]
[SourceTitle "EXT 2025"]
[Source "ChessBase"]
[SourceDate "2024.10.14"]
[SourceVersion "1"]
[SourceVersionDate "2024.10.14"]
[SourceQuality "1"]

1. Nf3 c5 2. e3 d5 3. d4 cxd4 4. exd4 Nc6 5. c3 Bg4 6. Be2 e6 7. 0-0 Bd6 8. Nbd2 Nge7 9. Re1 0-0 10. Nf1 Rb8 11. a4 a6 12. Ng3 b5 13. axb5 axb5 14. b4 Nf5 15. Nxf5 Bxf5 16. Bd3 Bxd3 17. Qxd3 h6 18. Nd2 e5 19. dxe5 Nxe5 20. Qh3 Qc8 21. Qxc8 Rbxc8 22. Re3 Ng4 23. Rd3 Bxh2+ 24. Kf1 Be5 25. Rxd5 Bxc3 26. Rb1 Bxb4 27. Rxb5 Rxc1+ 28. Rxc1 Bxd2 29. Rc4 Re8 30. g3 Nf6 31. Rd4 Bc3 32. Rd3 Be5 33. Re3 Bd6 34. Rxe8+ Nxe8 35. Kg2 g6 36. Rb7 Kg7 37. Rd7 Ba3 38. Ra7 Bb2 39. Ra2 Bf6 40. Rc2 h5 41. Re2 Nd6 42. Rd2 Nf5 43. Rd5 Nd4 44. Ra5 Ne6 45. Ra7 Bd4 46. Rb7 g5 47. Rb4 Kg6 48. Rc4 Be5 49. Re4 f6 50. Ra4 g4 51. f3 gxf3+ 52. Kxf3 Nd4+ 53. Kg2 Nf5 54. g4 Ne3+ 55. Kh3 Nxg4 56. Kh4 Ne3 57. Ra8 Nf5+ 58. Kh3 Nh6 59. Ra4 Kg5 60. Rc4 Ng4 61. Rc8 Nf2+ 62. Kg2 Nd3 63. Kh3 Nf4+ 64. Kg3 h4+ 65. Kh2 Kg4 66. Rg8+ Kf3 67. Kh1 Ne2 68. Rg3+ Nxg3+ 0-1

[Event "Titled Tuesday intern op 21st May Late"]
[Site "Chess.com INT"]
[Date "2024.05.21"]
[Round "2"]
[White "Danielian, Vardan"]
[Black "Navia, Eliana"]
[Result "1-0"]
[WhiteElo "2230"]
[BlackElo "2053"]
[PlyCount "63"]
[EventDate "2024.05.21"]
[EventType "swiss (blitz)"]
[EventRounds "11"]
[EventCountry "USA"]
[SourceTitle "CBM 220 Extra"]
[Source "ChessBase"]
[SourceDate "2024.07.31"]
[SourceVersion "1"]
[SourceVersionDate "2024.07.31"]
[SourceQuality "1"]

1. Nf3 d5 2. d4 Nf6 3. c4 e6 4. Nc3 Be7 5. cxd5 exd5 6. Bg5 c6 7. e3 Bf5 8. Bd3 Bxd3 9. Bxf6 Bxf6 10. Qxd3 Nd7 11. 0-0 0-0 12. b4 a6 13. a4 Re8 14. b5 cxb5 15. axb5 axb5 16. Qxb5 Rxa1 17. Rxa1 Nb6 18. Rb1 Re6 19. g3 h6 20. Ne2 Rc6 21. Nf4 Qd7 22. Kg2 g6 23. h4 Kg7 24. h5 g5 25. Nd3 Qf5 26. Nde5 Re6 27. Qd3 Qxd3 28. Nxd3 Bd8 29. Nc5 Re7 30. Ne5 f6 31. Ned3 Rc7 32. Ne6+ 1-0

[Event "Titled Tuesday intern op 21st May Early"]
[Site "Chess.com INT"]
[Date "2024.05.21"]
[Round "5"]
[White "Garakov, Mikhael"]
[Black "Danielian, Vardan"]
[Result "1-0"]
[WhiteElo "2447"]
[BlackElo "2230"]
[PlyCount "53"]
[EventDate "2024.05.21"]
[EventType "swiss (blitz)"]
[EventRounds "11"]
[EventCountry "USA"]
[SourceTitle "CBM 220 Extra"]
[Source "ChessBase"]
[SourceDate "2024.07.31"]
[SourceVersion "1"]
[SourceVersionDate "2024.07.31"]
[SourceQuality "1"]

1. e4 c5 2. Nf3 d6 3. d4 cxd4 4. Nxd4 Nf6 5. Nc3 g6 6. Be3 Bg7 7. f3 0-0 8. Qd2 Nc6 9. Bc4 Bd7 10. h4 h5 11. Bb3 Qa5 12. 0-0-0 Rfc8 13. Kb1 Ne5 14. Bh6 Bxh6 15. Qxh6 Rxc3 16. bxc3 Qxc3 17. Ne2 Qc5 18. g4 a5 19. g5 Nh7 20. Rd5 Qb4 21. Rxe5 dxe5 22. Qxg6+ Kh8 23. Qxf7 Rf8 24. Qd5 a4 25. Qxe5+ Nf6 26. gxf6 exf6 27. Qxh5+ 1-0